| 000 | 00740nam a2200241 4500 | ||
|---|---|---|---|
| 001 | 32536 | ||
| 010 | _a9789722067270 | ||
| 021 |
_aPT _b453788/19 |
||
| 090 | _a32536 | ||
| 100 | _a20190621d2019 c y0pory50030103ba | ||
| 101 | 0 | _apor | |
| 102 | _aPT | ||
| 200 | 1 |
_aMeu querido livrinho _fMaria Almira Soares _gil. Sandra Serra |
|
| 205 | _a1ª. ed. | ||
| 210 |
_aAlfragide _cDom Quixote _d2019 |
||
| 215 |
_a27 p. _cil. _d27 cm |
||
| 606 |
_aHistórias para crianças _9187 |
||
| 675 |
_a8:087.5 _vBN _zpor |
||
| 700 |
_aSoares _bMaria Almira _f1948- _4070 _93969 |
||
| 702 |
_aSerra _bSandra _f1968- _4440 _9444 |
||
| 801 | 0 |
_aPT _bBN _gRPC |
|
| 856 | 4 | 1 | _uhttp://rnod.bnportugal.gov.pt/ImagesBN/winlibimg.aspx?skey=&doc=2024375&img=126788&save=true |
| 990 | _cLIVROS | ||